[Event "SLO-chT1 East"]
[Site "Slovenia"]
[Date "2019.09.08"]
[Round "3.2"]
[White "Novak, Ratko"]
[Black "Horvath, Tamas"]
[Result "1-0"]
[WhiteElo "2114"]
[BlackElo "2306"]
[PlyCount "77"]
[EventDate "2019.09.06"]
[EventType "team-tourn"]
[EventRounds "9"]
[EventCountry "SLO"]
[SourceTitle "EXT 2020"]
[Source "ChessBase"]
[SourceDate "2019.10.17"]
[SourceVersion "1"]
[SourceVersionDate "2019.10.17"]
[SourceQuality "1"]
[WhiteTeam "Fram"]
[BlackTeam "Lendava Rokada"]
[WhiteTeamCountry "SLO"]
[BlackTeamCountry "SLO"]

1. d4 Nf6 2. Nf3 e6 3. c4 c5 4. d5 d6 5. Nc3 exd5 6. cxd5 g6 7. e4 Bg7 8. Bf4 0-0 9. Be2 Bg4 10. 0-0 Bxf3 11. Bxf3 a6 12. a4 Ne8 13. Qd2 Nd7 14. Bg5 f6 15. Be3 Rb8 16. Be2 Qe7 17. Rab1 f5 18. exf5 gxf5 19. Rfe1 Qf7 20. Bf4 Ne5 21. b4 Rc8 22. b5 axb5 23. Nxb5 Rd8 24. Bf1 Ng6 25. Rxe8 Qxe8 26. Bxd6 Rxd6 27. Nxd6 Qxa4 28. Nxb7 c4 29. d6 Ne5 30. Qd5+ Kh8 31. Re1 c3 32. Rxe5 c2 33. Re1 Qb4 34. Rc1 Qb2 35. Rxc2 Qxc2 36. d7 Bf6 37. Qd6 Kg7 38. d8Q Bxd8 39. Nxd8 1-0

[Event "SLO-chT1 East"]
[Site "Slovenia"]
[Date "2019.09.07"]
[Round "2.3"]
[White "Horvath, Tamas"]
[Black "Zelcic, Robert"]
[Result "0-1"]
[WhiteElo "2306"]
[BlackElo "2503"]
[PlyCount "72"]
[EventDate "2019.09.06"]
[EventType "team-tourn"]
[EventRounds "9"]
[EventCountry "SLO"]
[SourceTitle "EXT 2020"]
[Source "ChessBase"]
[SourceDate "2019.10.17"]
[SourceVersion "1"]
[SourceVersionDate "2019.10.17"]
[SourceQuality "1"]
[WhiteTeam "Lendava Rokada"]
[BlackTeam "Sentjur"]
[WhiteTeamCountry "SLO"]
[BlackTeamCountry "SLO"]

1. e4 c6 2. Nc3 d5 3. d3 e5 4. Nf3 Nf6 5. exd5 cxd5 6. d4 e4 7. Ne5 Nc6 8. Bb5 Bd7 9. 0-0 Be7 10. Nxd7 Qxd7 11. f3 a6 12. Be2 0-0 13. Bg5 h6 14. Be3 Bb4 15. fxe4 Bxc3 16. e5 Bxb2 17. Rb1 Nxe5 18. Rxb2 Nc4 19. Bxc4 dxc4 20. Bxh6 Nd5 21. Bxg7 Kxg7 22. Rxb7 Qe6 23. Qh5 Rad8 24. Qg5+ Qg6 25. Rfxf7+ Rxf7 26. Rxf7+ Kxf7 27. Qxd8 Qe4 28. h3 Qxd4+ 29. Kh1 Qa1+ 30. Kh2 Qe5+ 31. Kh1 Nf6 32. Qc8 Qc3 33. Qxa6 Qxc2 34. a4 Qc1+ 35. Kh2 Qf4+ 36. Kh1 Qc7 0-1

[Event "Level op 7th"]
[Site "Level"]
[Date "2019.05.11"]
[Round "5"]
[White "Horvath, Tamas"]
[Black "Horvath, Tibor"]
[Result "1-0"]
[WhiteElo "2092"]
[BlackElo "1855"]
[PlyCount "57"]
[EventDate "2019.05.10"]
[EventType "swiss"]
[EventRounds "7"]
[EventCountry "HUN"]
[SourceTitle "EXT 2021"]
[Source "ChessBase"]
[SourceDate "2020.10.23"]
[SourceVersion "1"]
[SourceVersionDate "2020.10.23"]
[SourceQuality "1"]

1. d4 e6 2. Nf3 Nf6 3. c4 d5 4. g3 Be7 5. Bg2 0-0 6. 0-0 Nbd7 7. Qc2 b6 8. cxd5 exd5 9. Qc6 Ba6 10. Nc3 Re8 11. Ne5 Nxe5 12. dxe5 Ng4 13. Bxd5 Rb8 14. Qa4 Qc8 15. e6 fxe6 16. Bc6 Nf6 17. Bxe8 Nxe8 18. Bf4 b5 19. Qc2 c5 20. Bxb8 Qxb8 21. Rad1 Qe5 22. Qe4 Qf6 23. Qa8 Kf7 24. Qxa7 Bc8 25. Rd3 Qh6 26. Qb8 Qh3 27. Qxc8 Nf6 28. Rf3 Kg6 29. Rxf6+ 1-0

[Event "Level op 7th"]
[Site "Level"]
[Date "2019.05.10"]
[Round "1"]
[White "Horvath, Tamas"]
[Black "Kiss, Laszlo"]
[Result "0-1"]
[WhiteElo "2092"]
[BlackElo "1850"]
[PlyCount "96"]
[EventDate "2019.05.10"]
[EventType "swiss"]
[EventRounds "7"]
[EventCountry "HUN"]
[SourceTitle "EXT 2021"]
[Source "ChessBase"]
[SourceDate "2020.10.23"]
[SourceVersion "1"]
[SourceVersionDate "2020.10.23"]
[SourceQuality "1"]

1. d4 Nf6 2. Nf3 e6 3. c4 b6 4. a3 Bb7 5. Nc3 Be7 6. d5 0-0 7. e4 d6 8. Bd3 e5 9. 0-0 a5 10. h3 Nbd7 11. Be3 h6 12. b4 Nh7 13. Qc2 Ng5 14. Nd2 Bc8 15. Nb3 Nf6 16. Qe2 Bd7 17. bxa5 bxa5 18. a4 Qc8 19. h4 Ngh7 20. Bd2 g5 21. Nb5 Kh8 22. hxg5 Nxg5 23. f4 exf4 24. Rxf4 Rg8 25. Rh4 Ng4 26. Bc3+ Bf6 27. Bxf6+ Nxf6 28. Rxh6+ Kg7 29. Rh4 Ng4 30. N3d4 Rh8 31. Qe1 Ne5 32. Qg3 Qd8 33. Rxh8 Kxh8 34. Rf1 Qe7 35. Nf5 Bxf5 36. Rxf5 f6 37. Be2 Rb8 38. Qf2 Kg7 39. Qa7 Qd8 40. Nxc7 Rb1+ 41. Bf1 Kg6 42. c5 Nxe4 43. Ne6 Qg8 44. Rf4 Ng3 45. Qa6 Qh8 46. Kf2 Nxf1 47. Nd4 Rb2+ 48. Ke1 Ne3 0-1

[Event "HUN-chT4 Chalupetzky 1819"]
[Site "Hunagry"]
[Date "2018.10.14"]
[Round "1.2"]
[White "Toth, Balazs1111"]
[Black "Horvath, Tamas"]
[Result "1/2-1/2"]
[WhiteElo "1909"]
[BlackElo "2124"]
[PlyCount "57"]
[EventDate "2018.10.14"]
[EventType "team-tourn"]
[EventRounds "10"]
[EventCountry "HUN"]
[SourceTitle "EXT 2020"]
[Source "ChessBase"]
[SourceDate "2019.10.17"]
[SourceVersion "1"]
[SourceVersionDate "2019.10.17"]
[SourceQuality "1"]
[WhiteTeam "Toltestava Tornado"]
[BlackTeam "Gyor Bastya"]
[WhiteTeamCountry "HUN"]
[BlackTeamCountry "HUN"]

1. e4 c5 2. Nf3 d6 3. d4 cxd4 4. Nxd4 Nf6 5. f3 e5 6. Nb3 a5 7. Bg5 Be7 8. a4 0-0 9. Nc3 Be6 10. Bxf6 Bxf6 11. Nd5 Bg5 12. Be2 Nc6 13. 0-0 Bxd5 14. Qxd5 Qb6+ 15. Kh1 Nb4 16. Qd1 Rac8 17. c3 Nc6 18. Bc4 Ne7 19. Bd5 Kh8 20. Rb1 f5 21. Be6 Rcd8 22. Bxf5 Nxf5 23. exf5 Rxf5 24. Qd5 Rdf8 25. Nc1 Rf4 26. Ne2 Rxa4 27. Ng3 Rh4 28. Ne4 Be7 29. b4 1/2-1/2

[Event "SLO-chT1 East"]
[Site "Slovenia"]
[Date "2017.11.26"]
[Round "9"]
[White "Horvath, Tamas"]
[Black "Brinovec, Dusan"]
[Result "1/2-1/2"]
[WhiteElo "2360"]
[BlackElo "2217"]
[PlyCount "42"]
[EventDate "2017.09.29"]
[EventType "team-tourn"]
[EventRounds "9"]
[EventCountry "SLO"]
[SourceTitle "EXT 2019"]
[Source "ChessBase"]
[SourceDate "2018.10.10"]
[SourceVersion "1"]
[SourceVersionDate "2018.10.10"]
[SourceQuality "1"]
[WhiteTeam "Lendava Rokada"]
[BlackTeam "Zalec"]
[WhiteTeamCountry "SLO"]
[BlackTeamCountry "SLO"]

1. e4 c5 2. Nf3 e6 3. d4 cxd4 4. Nxd4 a6 5. Nc3 Qc7 6. Be2 Nc6 7. 0-0 Nf6 8. Be3 Be7 9. f4 d6 10. a4 0-0 11. Qe1 Bd7 12. Qg3 Rfd8 13. Kh1 Kh8 14. Rae1 Rab8 15. Bd3 Rf8 16. Nxc6 Bxc6 17. Bd4 Rbd8 18. Qe3 Nd7 19. Qg3 Nf6 20. Qe3 Nd7 21. Qg3 Nf6 1/2-1/2

[Event "SLO-chT1 East"]
[Site "Slovenia"]
[Date "2017.11.25"]
[Round "8"]
[White "Spalir, Jernej"]
[Black "Horvath, Tamas"]
[Result "1/2-1/2"]
[WhiteElo "2392"]
[BlackElo "2360"]
[PlyCount "79"]
[EventDate "2017.09.29"]
[EventType "team-tourn"]
[EventRounds "9"]
[EventCountry "SLO"]
[SourceTitle "EXT 2019"]
[Source "ChessBase"]
[SourceDate "2018.10.10"]
[SourceVersion "1"]
[SourceVersionDate "2018.10.10"]
[SourceQuality "1"]
[WhiteTeam "Slovenj Gradec"]
[BlackTeam "Lendava Rokada"]
[WhiteTeamCountry "SLO"]
[BlackTeamCountry "SLO"]

1. d4 Nf6 2. c4 e6 3. Nf3 c5 4. d5 d6 5. Nc3 exd5 6. cxd5 g6 7. Bf4 Bg7 8. Qa4+ Bd7 9. Qb3 Qc7 10. e4 0-0 11. Nd2 Nh5 12. Be3 f5 13. exf5 gxf5 14. Be2 Be8 15. Nf3 h6 16. 0-0 a6 17. a4 Nd7 18. Qc2 f4 19. Bc1 Ne5 20. Nxe5 Bxe5 21. Ra3 Qg7 22. Ne4 Nf6 23. Nxf6+ Rxf6 24. Kh1 Bd7 25. Bf3 Kh8 26. Bd2 Rg8 27. Bc3 Bf5 28. Qe2 Bxc3 29. Rxc3 Bd7 30. Rc4 b5 31. Re4 bxa4 32. Re7 Rf7 33. Rxf7 Qxf7 34. Qxa6 Qe7 35. Qa7 Rg5 36. h3 Re5 37. Rc1 Re1+ 38. Rxe1 Qxe1+ 39. Kh2 Qxf2 40. Qxd7 1/2-1/2

[Event "SLO-chT1 East"]
[Site "Slovenia"]
[Date "2017.11.10"]
[Round "4"]
[White "Trbojevic, Mladen"]
[Black "Horvath, Tamas"]
[Result "1-0"]
[WhiteElo "2338"]
[BlackElo "2360"]
[PlyCount "107"]
[EventDate "2017.09.29"]
[EventType "team-tourn"]
[EventRounds "9"]
[EventCountry "SLO"]
[SourceTitle "EXT 2019"]
[Source "ChessBase"]
[SourceDate "2018.10.10"]
[SourceVersion "1"]
[SourceVersionDate "2018.10.10"]
[SourceQuality "1"]
[WhiteTeam "Maribor Branik"]
[BlackTeam "Lendava Rokada"]
[WhiteTeamCountry "SLO"]
[BlackTeamCountry "SLO"]

1. e4 c5 2. Nf3 e6 3. c3 d5 4. exd5 Qxd5 5. d4 Nf6 6. Na3 Qd8 7. Nc4 Nc6 8. Nce5 Be7 9. Bb5 Bd7 10. Nxd7 Nxd7 11. 0-0 0-0 12. Be3 Qc7 13. Qe2 a6 14. Ba4 Rad8 15. Rfd1 cxd4 16. Nxd4 b5 17. Bc2 Bf6 18. a4 Nxd4 19. Bxd4 Bxd4 20. Rxd4 Nf6 21. Rad1 g6 22. axb5 axb5 23. Rxd8 Rxd8 24. Qxb5 Rb8 25. Qg5 Kg7 26. Rb1 Qa7 27. Qe5 Rd8 28. Qe3 Qa2 29. h3 Rb8 30. Qc1 Nd5 31. Be4 Nf6 32. Bf3 e5 33. c4 e4 34. Be2 Rc8 35. Bf1 e3 36. fxe3 Ne4 37. Bd3 Nc5 38. Qc3+ Kg8 39. Bc2 Ne6 40. b3 Qa7 41. Rf1 Qc5 42. Kh1 Rc7 43. Ra1 Rc8 44. Be4 Qg5 45. b4 Qg3 46. Rf1 Qg5 47. Qb3 Rf8 48. Bd5 Ng7 49. e4 Nh5 50. Kh2 Qe5+ 51. g3 Qd4 52. Kg2 Kg7 53. Rf2 f6 54. g4 1-0

[Event "HUN-chT4 1617"]
[Site "Hungary"]
[Date "2017.04.23"]
[Round "7.1"]
[White "Horvath, Tamas"]
[Black "Csuta, Akos Koppany"]
[Result "1/2-1/2"]
[WhiteElo "2155"]
[BlackElo "2206"]
[PlyCount "55"]
[EventDate "2016.10.02"]
[EventType "team-tourn"]
[EventRounds "7"]
[EventCountry "HUN"]
[SourceTitle "EXT 2019"]
[Source "ChessBase"]
[SourceDate "2018.10.10"]
[SourceVersion "1"]
[SourceVersionDate "2018.10.10"]
[SourceQuality "1"]

1. Nf3 Nf6 2. c4 g6 3. Nc3 c5 4. g3 d5 5. cxd5 Nxd5 6. Bg2 Bg7 7. 0-0 0-0 8. Qb3 Nb6 9. d3 Na6 10. a3 Be6 11. Qc2 c4 12. d4 Bf5 13. e4 Bg4 14. Ne2 Bxf3 15. Bxf3 Bxd4 16. Rd1 e5 17. Be3 Qf6 18. Bxd4 exd4 19. Nxd4 Rfd8 20. e5 Qe7 21. Bg2 Nc5 22. Nf3 Nd3 23. Rd2 Rac8 24. Rad1 Nc5 25. Bh3 Rxd2 26. Qxd2 Re8 27. Bf1 Ncd7 28. Rc1 1/2-1/2

[Event "HUN-chT 1617"]
[Site "Hungary"]
[Date "2017.03.12"]
[Round "7.10"]
[White "Horvath, Tamas"]
[Black "Grimm, Daniel"]
[Result "1-0"]
[WhiteElo "2367"]
[BlackElo "2346"]
[PlyCount "35"]
[EventDate "2016.10.30"]
[EventType "team-tourn"]
[EventRounds "9"]
[EventCountry "HUN"]
[SourceTitle "EXT 2018"]
[Source "ChessBase"]
[SourceDate "2017.10.13"]
[SourceVersion "1"]
[SourceVersionDate "2017.10.13"]
[SourceQuality "1"]
[WhiteTeam "Csuti"]
[BlackTeam "Dunaharaszti"]
[WhiteTeamCountry "HUN"]
[BlackTeamCountry "HUN"]

1. e4 d5 2. exd5 Qxd5 3. d4 e5 4. c3 Nc6 5. Nf3 exd4 6. cxd4 Bg4 7. Be2 Nf6 8. Nc3 Qa5 9. 0-0 0-0-0 10. Be3 Kb8 11. h3 Bh5 12. Rc1 Nb4 13. Ne5 Bxe2 14. Qxe2 Nxa2 15. Ra1 Nxc3 16. bxc3 Qd5 17. c4 Qe6 18. d5 1-0

[Event "HUN-chT4 1617"]
[Site "Hungary"]
[Date "2017.01.15"]
[Round "4.3"]
[White "Balogh, Tibor"]
[Black "Horvath, Tamas"]
[Result "0-1"]
[WhiteElo "1835"]
[BlackElo "2108"]
[PlyCount "104"]
[EventDate "2016.10.02"]
[EventType "team-tourn"]
[EventRounds "7"]
[EventCountry "HUN"]
[SourceTitle "EXT 2019"]
[Source "ChessBase"]
[SourceDate "2018.10.10"]
[SourceVersion "1"]
[SourceVersionDate "2018.10.10"]
[SourceQuality "1"]

1. e4 c5 2. Nf3 d6 3. c3 Nf6 4. d3 Nbd7 5. g3 b6 6. Nbd2 Bb7 7. Bg2 g6 8. 0-0 Bg7 9. Re1 0-0 10. h3 Qc7 11. Nf1 e5 12. c4 h6 13. Ne3 Kh7 14. Nh4 Ng8 15. Nd5 Bxd5 16. cxd5 Ne7 17. Be3 f5 18. Qd2 Rf7 19. f4 Raf8 20. Rf1 Qd8 21. Nf3 exf4 22. gxf4 Nf6 23. Nh2 Re8 24. Rae1 Nh5 25. Bf3 fxe4 26. dxe4 Ng3 27. Rf2 Ng8 28. Qd3 Rfe7 29. f5 gxf5 30. exf5 Rxe3 31. Rxe3 Rxe3 32. Qxe3 Bd4 33. Qd2 Qg5 34. Qxg5 hxg5 35. Ng4 Nxf5 36. Be4 Nge7 37. Kg2 Bxf2 38. Kxf2 Kg7 39. Kf3 Nd4+ 40. Ke3 Nb5 41. Kd3 Nc7 42. Ne3 b5 43. b3 Ne8 44. Ke2 Nf6 45. Bf3 Kg6 46. Kd3 Nf5 47. Nc2 Nh4 48. Bh1 Kf5 49. b4 Ng6 50. bxc5 dxc5 51. d6 Ke6 52. Bc6 Ne5+ 0-1

[Event "SLO-chT1 East"]
[Site "Slovenia"]
[Date "2016.11.26"]
[Round "8"]
[White "Coklin, Marko"]
[Black "Horvath, Tamas"]
[Result "1-0"]
[WhiteElo "2218"]
[BlackElo "2367"]
[PlyCount "117"]
[EventDate "2016.09.23"]
[EventType "team-tourn"]
[EventRounds "9"]
[EventCountry "SLO"]
[SourceTitle "EXT 2019"]
[Source "ChessBase"]
[SourceDate "2018.10.10"]
[SourceVersion "1"]
[SourceVersionDate "2018.10.10"]
[SourceQuality "1"]
[WhiteTeam "Pomgrad Radenska II"]
[BlackTeam "Lendava Rokada"]
[WhiteTeamCountry "SLO"]
[BlackTeamCountry "SLO"]

1. e4 c5 2. c3 d5 3. exd5 Qxd5 4. d4 Nc6 5. Nf3 Bf5 6. Be2 0-0-0 7. 0-0 Nf6 8. dxc5 e5 9. b4 Bxb1 10. Rxb1 Qxa2 11. Rb2 Rxd1 12. Rxa2 Rxf1+ 13. Kxf1 Ne4 14. Bb2 Be7 15. Bd3 f5 16. Bxe4 fxe4 17. Nd2 a6 18. Nxe4 Kd7 19. Bc1 Ke6 20. Rd2 Rd8 21. Rxd8 Nxd8 22. Ke2 Kd5 23. Kd3 Ne6 24. g3 Nd8 25. Bg5 Bxg5 26. Nxg5 h6 27. Ne4 Nc6 28. f3 Nd8 29. h4 Ne6 30. h5 Nd8 31. Nd2 Nf7 32. Nc4 Ng5 33. Ne3+ Ke6 34. Ke2 Nh7 35. g4 Nf6 36. Nf5 Kd5 37. Kd3 Ne8 38. Ne3+ Ke6 39. Nc4 Nf6 40. Nd6 b6 41. Nf5 e4+ 42. fxe4 bxc5 43. Nxg7+ Ke5 44. g5 hxg5 45. h6 cxb4 46. cxb4 g4 47. Nf5 Nh7 48. Ke3 Ng5 49. Ng3 Nh7 50. Nh5 Ng5 51. Nf4 g3 52. Ng2 Kf6 53. Nh4 Ne6 54. e5+ Kf7 55. Ke4 Nf8 56. Kf5 Nh7 57. Ng2 Nf8 58. Nf4 Nh7 59. Kg4 1-0

[Event "HUN-chT 1617"]
[Site "Hungary"]
[Date "2016.11.13"]
[Round "2.8"]
[White "Horvath, Tamas"]
[Black "Sardy, Peter"]
[Result "1-0"]
[WhiteElo "2367"]
[BlackElo "2348"]
[PlyCount "85"]
[EventDate "2016.10.30"]
[EventType "team-tourn"]
[EventRounds "9"]
[EventCountry "HUN"]
[SourceTitle "CBM 175 Extra"]
[Source "ChessBase"]
[SourceDate "2016.12.12"]
[SourceVersion "1"]
[SourceVersionDate "2016.12.12"]
[SourceQuality "1"]
[WhiteTeam "Csuti"]
[BlackTeam "HVSE Infraplan"]
[WhiteTeamCountry "HUN"]
[BlackTeamCountry "HUN"]

1. e4 c5 2. Nf3 e6 3. d4 cxd4 4. Nxd4 d6 5. c4 Nf6 6. Nc3 a6 7. Be2 Nbd7 8. 0-0 b6 9. Be3 Bb7 10. f3 Be7 11. a4 0-0 12. a5 bxa5 13. Nb3 Rb8 14. Nxa5 Ba8 15. Qd2 Qc7 16. Rfb1 Rfc8 17. Kh1 h5 18. b4 h4 19. Kg1 d5 20. exd5 Rxb4 21. Rc1 Bd6 22. f4 Nc5 23. Bf3 Nb3 24. Nxb3 Rxb3 25. Qd1 Rb4 26. dxe6 Bxf3 27. Qxf3 fxe6 28. Ne4 Be7 29. Qh3 Qc6 30. Ng5 Rb3 31. Nxe6 Qe4 32. Re1 Rxc4 33. Ng5 Qd5 34. Rad1 Rd3 35. Rxd3 Qxd3 36. Qe6+ Kh8 37. Qxe7 Rc2 38. Qf8+ Ng8 39. Nf7+ Kh7 40. Ng5+ Kh8 41. Qf7 Rb2 42. Qh5+ Nh6 43. Nf7+ 1-0

[Event "SLO-chT1 East"]
[Site "Slovenia"]
[Date "2016.11.11"]
[Round "4"]
[White "Zelcic, Robert"]
[Black "Horvath, Tamas"]
[Result "1/2-1/2"]
[WhiteElo "2518"]
[BlackElo "2367"]
[PlyCount "87"]
[EventDate "2016.09.23"]
[EventType "team-tourn"]
[EventRounds "9"]
[EventCountry "SLO"]
[SourceTitle "EXT 2019"]
[Source "ChessBase"]
[SourceDate "2018.10.10"]
[SourceVersion "1"]
[SourceVersionDate "2018.10.10"]
[SourceQuality "1"]
[WhiteTeam "Sentjur"]
[BlackTeam "Lendava Rokada"]
[WhiteTeamCountry "SLO"]
[BlackTeamCountry "SLO"]

1. e4 c5 2. Nf3 e6 3. d4 cxd4 4. Nxd4 Nf6 5. Nc3 Nc6 6. Ndb5 d6 7. Bf4 e5 8. Bg5 a6 9. Na3 b5 10. Nd5 Be7 11. Bxf6 Bxf6 12. c4 b4 13. Nc2 a5 14. Be2 0-0 15. 0-0 Bg5 16. b3 Be6 17. a3 bxa3 18. Nxa3 Nd4 19. Nb5 Bxd5 20. exd5 Nxb5 21. cxb5 Qb8 22. Ra4 Bd8 23. Qd2 Bb6 24. Rfa1 Ra7 25. Rc4 Bc5 26. Raa4 f5 27. Qa2 Qb6 28. Bf1 e4 29. b4 axb4 30. Rxa7 Qxa7 31. Qxa7 Bxa7 32. Rxb4 Bc5 33. Rb2 Bb6 34. g3 Rc8 35. Kg2 Kf7 36. Ra2 Kf6 37. Ra6 Rb8 38. f4 exf3+ 39. Kxf3 Ke5 40. Bc4 g5 41. Ra1 g4+ 42. Ke2 Kd4 43. Ba2 Rf8 44. Rf1 1/2-1/2

[Event "Lignano Sabbiadoro op 2nd"]
[Site "Lignano Sabbiadoro"]
[Date "2016.08.06"]
[Round "8"]
[White "Solomon, Kenny"]
[Black "Horvath, Tamas"]
[Result "0-1"]
[WhiteElo "2380"]
[BlackElo "2380"]
[PlyCount "92"]
[EventDate "2016.07.31"]
[EventType "swiss"]
[EventRounds "9"]
[EventCountry "ITA"]
[SourceTitle "CBM 173 Extra"]
[Source "ChessBase"]
[SourceDate "2016.08.29"]
[SourceVersion "1"]
[SourceVersionDate "2016.08.29"]
[SourceQuality "1"]

1. d4 Nf6 2. c4 e6 3. Nf3 b6 4. g3 Ba6 5. b3 b5 6. cxb5 Bxb5 7. Bg2 d5 8. 0-0 Bd6 9. Nc3 Ba6 10. b4 0-0 11. Rb1 Nbd7 12. Re1 h6 13. Nd2 Rb8 14. a3 Re8 15. Nb3 Bb7 16. Bb2 Ne4 17. Nxe4 dxe4 18. Qc2 f5 19. Na5 Bd5 20. Nc6 Bxc6 21. Qxc6 Nf6 22. e3 Qe7 23. Qa6 h5 24. Kf1 Qf7 25. h4 Qg6 26. Qe2 Qh6 27. Rec1 g5 28. Ke1 Kf7 29. Kd2 gxh4 30. gxh4 f4 31. Bh3 Nd5 32. Rg1 Rg8 33. Rbf1 Ke7 34. Bc1 Rbf8 35. Kc2 fxe3 36. Rxg8 Rxg8 37. Bxe3 Bf4 38. Bd2 Bxd2 39. Qxd2 e3 40. Qd3 Rg7 41. Re1 Qf4 42. fxe3 Qh2+ 43. Qe2 Qxh3 44. Qxh5 Nxe3+ 45. Kc1 Nd5 46. Qh6 Qxa3+ 0-1

[Event "Gyor op-A 7th"]
[Site "Gyor"]
[Date "2016.07.08"]
[Round "5"]
[White "Joba, Arpad"]
[Black "Horvath, Tamas"]
[Result "1/2-1/2"]
[WhiteElo "1980"]
[BlackElo "2087"]
[PlyCount "25"]
[EventDate "2016.07.06"]
[EventType "swiss"]
[EventRounds "9"]
[EventCountry "HUN"]
[SourceTitle "EXT 2017"]
[Source "ChessBase"]
[SourceDate "2016.10.25"]
[SourceVersion "1"]
[SourceVersionDate "2016.10.25"]
[SourceQuality "1"]

1. e4 c5 2. Nf3 Nc6 3. d4 cxd4 4. Nxd4 g6 5. c4 Bg7 6. Be3 Nf6 7. Nc3 d6 8. Be2 0-0 9. 0-0 Bd7 10. Qd2 Nxd4 11. Bxd4 Bc6 12. f3 a5 13. Rfd1 1/2-1/2